[Event "33rd ECC Open 2017"]
[Site "Antalya TUR"]
[Date "2017.10.08"]
[Round "1.1"]
[Board "1"]
[White "Steingrimsson, Hedinn"]
[Black "Mamedyarov, Shakhriyar"]
[Result "0-1"]
[WhiteTitle "GM"]
[BlackTitle "GM"]
[WhiteElo "2576"]
[BlackElo "2791"]
[WhiteTeam "Fjolnir Chess Club"]
[BlackTeam "Globus"]
[WhiteFideId "2300117"]
[BlackFideId "13401319"]
[EventDate "2017.10.08"]

1. e4 e5 2. Nf3 d6 3. d4 exd4 4. Nxd4 Nf6 5. Nc3 Be7 6. Be2 O-O 7. O-O Re8 8. f4
Bf8 9. Bf3 c5 10. Nde2 Nc6 11. Kh1 Bd7 12. Qd3 b5 13. a3 b4 14. Nd5 Rb8 15. b3
a5 16. Nxf6+ Qxf6 17. Rb1 Rbd8 18. h3 Ne7 19. axb4 axb4 20. c4 bxc3 21. Nxc3 d5
22. exd5 Bf5 23. Ne4 Qh6 24. d6 Nc8 25. Qd5 Qg6 26. Bh5 Bxe4 0-1

[Event "33rd ECC Open 2017"]
[Site "Antalya TUR"]
[Date "2017.10.11"]
[Round "4.6"]
[Board "4"]
[White "Burcu, Cagatay"]
[Black "Dvirnyy, Danyyil"]
[Result "1/2-1/2"]
[WhiteTitle "CM"]
[BlackTitle "GM"]
[WhiteElo "2283"]
[BlackElo "2542"]
[WhiteTeam "Besiktas Jimnastik Kulubu"]
[BlackTeam "Obiettivo Risarcimento Padova"]
[WhiteFideId "6310630"]
[BlackFideId "817570"]
[EventDate "2017.10.08"]

1. d4 Nf6 2. Nf3 g6 3. c4 Bg7 4. g3 d5 5. cxd5 Nxd5 6. Bg2 Nb6 7. O-O Nc6 8. e3
O-O 9. Nc3 e5 10. d5 Na5 11. e4 c6 12. Bg5 f6 13. Be3 cxd5 14. Bxb6 Qxb6 15.
Nxd5 Qd8 16. Rc1 Nc6 17. Qb3 Rf7 18. Rfd1 Be6 19. Qa4 Rd7 20. Bf1 a6 21. Ne3 b5
22. Rxd7 Bxd7 23. Qb3+ Kh8 24. Rd1 Qe8 25. a4 bxa4 26. Qb7 Ra7 27. Qb6 Qb8 28.
Qc5 Bf8 29. Qd5 Be7 30. Bc4 Qe8 31. g4 Bc8 32. Kg2 Kg7 33. h4 Rc7 34. g5 Nb4 35.
Qa5 Rb7 36. gxf6+ Bxf6 37. Rd6 Qe7 38. Rb6 Rxb6 39. Qxb6 h5 40. Qb8 Qb7 41. Qd6
Qd7 42. Qxb4 Qh3+ 43. Kg1 Qxf3 44. Qc5 Bh3 45. Qc7+ Kh6 46. Qf7 Qf4 47. Nf5+
Bxf5 48. Qxf6 Qg4+ 49. Kh2 Qh3+ 50. Kg1 Qg4+ 51. Kh2 Qh3+ 1/2-1/2